000 01241cam a22003853a 4500
003 OSt
005 20140310184333.0
008 040818s2002 nyua j 000 1 eng d
010 _a 2004596274
020 _a0439394937 (pbk.) :
_c$4.99
035 _a(OCoLC)ocm50846305
040 _aOCO
_cOCO
_dOCLCQ
_dDLC
042 _alccopycat
050 0 0 _aPZ 7
_b.R686 2002
100 1 _aRodda, Emily.
_920594
245 1 4 _aThe Shadowlands /
_cEmily Rodda ; [graphics by Bob Ryan]
250 _a1st American ed.
260 _aNew York :
_bScholastic Inc.,
_c2002.
300 _a155 p. :
_bill. ;
_c20 cm.
490 0 _aDeltora shadowlands ;
_v#3
521 _aG5
526 _c700
655 7 _aChildren's stories.
_2lcsh
_93012
655 7 _aFantasy fiction.
_2gsafd
_93053
655 7 _aAdventure fiction.
_2gsafd
_93061
700 1 _aRyan, Bob.
_920723
710 2 _aCopyright Paperback Collection (Library of Congress)
_5DLC
_9705
856 4 2 _3Publisher description
_uhttp://www.loc.gov/catdir/description/schol051/2004596274.html
906 _a7
_bcbc
_ccopycat
_d2
_encip
_f20
_gy-genrareb
942 _2lcc
_cBK-SCHOLAS
999 _c33695
_d33695